000 00827nam a2200265Ia 4500
003 OSt
005 20220926020119.0
006 a|||||r|||| 00| 0
007 ta
008 220923b |||||||| |||| 00| 0 eng d
020 _a0030174260
037 _cGeneral Book
040 _aRTL
_cRTL
_beng
041 _2eng
_aeng
082 _aT9(Y33).73.N7, L0;L8
100 _aMiller Harry L
_994468
245 0 _aSocial foundations of educations
_b An Urban focus
250 _a3
260 _aNew York
_bRinehard and Winston U S A
_c1978
300 _avii,407p
_ccm.
500 _aPublished previously as social foundations of urban educatin by Miller and R R Woock
650 _aSpecific Groups Education
942 _hT9(Y33).73.N7, L0;L8
_cGB
_2CC
999 _c633288
_d633288